[Event "FIDE World Bl Team Pool D"]
[Site "London ENG"]
[Date "2025.06.14"]
[Round "11.5"]
[White "Balabayeva, Xeniya"]
[Black "Uuriintuya, Uurtsaikh"]
[Result "1-0"]
[WhiteTitle "WGM"]
[BlackTitle "WGM"]
[WhiteElo "2352"]
[BlackElo "2141"]
[WhiteTeam "Barys.kz"]
[BlackTeam "Mongolia-A"]
[WhiteFideId "13719688"]
[BlackFideId "4900227"]
[EventDate "2025.06.14"]
[EventType "team"]

1. d4 Nf6 2. Nf3 g6 3. g3 Bg7 4. Bg2 O-O 5. c4 d6 6. O-O Nbd7 7. Nc3 e5 8. e4 c6
9. Re1 Qa5 10. d5 cxd5 11. Nxd5 Nxd5 12. cxd5 b5 13. Bd2 Qa6 14. Bf1 Nc5 15. a4
Qb6 16. axb5 Bd7 17. b4 Nb7 18. Be3 Qd8 19. Bxa7 Bg4 20. Qd3 Qd7 21. Bb6 f5 22.
Rxa8 Rxa8 23. Ng5 f4 24. Ne6 Bh6 25. f3 Bxe6 26. dxe6 Qxe6 27. Qc4 Qxc4 28.
Bxc4+ Kg7 29. Bd5 Rb8 30. Bc7 Rc8 31. b6 Nd8 32. g4 Bg5 33. Ra1 Kf6 34. Bxd8+
Rxd8 35. b7 Ke7 36. Ra8 1-0

[Event "FIDE World Bl Team Pool D"]
[Site "London ENG"]
[Date "2025.06.14"]
[Round "11.6"]
[White "Han, Qixuan"]
[Black "Nurakyn, Suleiman"]
[Result "1/2-1/2"]
[WhiteElo "1896"]
[BlackElo "1773"]
[WhiteTeam "Mongolia-A"]
[BlackTeam "Barys.kz"]
[WhiteFideId "496944"]
[BlackFideId "447003073"]
[EventDate "2025.06.14"]
[EventType "team"]

1. Nf3 d5 2. e3 Nf6 3. c4 e6 4. Nc3 Be7 5. b3 O-O 6. Bb2 c5 7. cxd5 exd5 8. d4
Nc6 9. Be2 Re8 10. O-O Bg4 11. dxc5 Bxc5 12. h3 Bh5 13. Nd4 Nxd4 14. Bxh5 Nf5
15. Bf3 d4 16. exd4 Bxd4 17. Bxb7 Rb8 18. Bc6 Re6 19. Bf3 Qb6 20. Na4 Qb4 21.
Bxd4 Nxd4 22. Rc1 h6 23. Rc4 Nxf3+ 24. Qxf3 Qe7 25. Nc5 Re1 26. Rc1 Rxf1+ 27.
Kxf1 Rc8 28. b4 Qe5 29. Qe2 Qd4 30. a3 a5 31. Rd1 Qc3 32. Ne4 Nxe4 33. Qxe4 axb4
34. axb4 Rb8 35. Rb1 Qd2 36. Kg1 Qd6 37. b5 Qb6 38. Qc4 Qd6 39. Qa4 Qd3 40. Qb3
Qd4 41. b6 Qd7 42. b7 Qc7 43. Qb6 Qxb6 44. Rxb6 Kf8 45. Kf1 Ke7 46. Ke2 Kd7 47.
Rb3 1/2-1/2

[Event "FIDE World Bl Team Pool D"]
[Site "London ENG"]
[Date "2025.06.14"]
[Round "11.1"]
[White "Cancedda-Dupuis, Livio"]
[Black "Fernandez, Daniel Howard"]
[Result "0-1"]
[BlackTitle "GM"]
[WhiteElo "2053"]
[BlackElo "2484"]
[WhiteTeam "The London Legends"]
[BlackTeam "English Knightmares"]
[WhiteFideId "499447"]
[BlackFideId "5801605"]
[EventDate "2025.06.14"]
[EventType "team"]

1. e4 e6 2. d4 d5 3. Bd3 Bd7 4. Nf3 dxe4 5. Bxe4 Bc6 6. Bxc6+ Nxc6 7. c3 Bd6 8.
O-O Nf6 9. Bg5 h6 10. Bh4 Ne7 11. Qb3 b6 12. Re1 Ng6 13. Bg3 O-O 14. Nbd2 Nh5
15. Nc4 Nxg3 16. hxg3 a6 17. Rad1 b5 18. Nce5 Bxe5 19. Nxe5 Nxe5 20. Rxe5 c6 21.
Rde1 Qc7 22. Qb4 Rfd8 23. Qc5 Qd6 24. a3 Kf8 25. f3 Qxc5 26. Rxc5 Rac8 27. a4
Rd5 28. Rxd5 cxd5 29. Ra1 h5 30. Kf2 g5 31. Ke3 Kg7 32. Kd3 Kf6 33. axb5 axb5
34. Ra7 Rb8 35. b4 Kg6 36. g4 hxg4 37. fxg4 Kf6 38. Ke3 Kg6 39. Ke2 f5 40. gxf5+
Kxf5 41. Ke3 Kg4 42. Rg7 Rb6 43. Ke2 Ra6 44. Kf2 Ra2+ 45. Kg1 Rc2 46. Kh2 Rxc3
47. Re7 Kf5 48. Rb7 Ke4 49. Rb6 Kxd4 50. Rxe6 Kc4 51. Re5 d4 52. Rxg5 d3 53. Rg8
d2 54. Rc8+ Kb3 55. Rd8 Kc2 56. g4 Rd3 0-1

[Event "FIDE World Bl Team Pool D"]
[Site "London ENG"]
[Date "2025.06.14"]
[Round "11.2"]
[White "Badacsonyi, Stanley"]
[Black "Bryant, Harry"]
[Result "0-1"]
[WhiteTitle "FM"]
[WhiteElo "2300"]
[BlackElo "2062"]
[WhiteTeam "English Knightmares"]
[BlackTeam "The London Legends"]
[WhiteFideId "486973"]
[BlackFideId "489158"]
[EventDate "2025.06.14"]
[EventType "team"]

1. d4 d5 2. c4 e6 3. Nc3 Nf6 4. cxd5 exd5 5. Bg5 Bb4 6. e3 h6 7. Bh4 g5 8. Bg3
Ne4 9. Ne2 h5 10. h4 Bg4 11. Qb3 Nc6 12. hxg5 Ba5 13. Bh4 Nb4 14. Nf4 c5 15. f3
c4 16. Qd1 Qb6 17. fxg4 hxg4 18. Rc1 g3 19. Ke2 Nd3 20. Nxd3 cxd3+ 21. Kf3 Nf2
22. Qa4+ Kf8 23. Nxd5 Qe6 24. Bxg3 Rxh1 25. Qxa5 Qf5+ 26. Bf4 Ne4 27. Rc7 Nxg5+
28. Kf2 Ne4+ 29. Ke1 d2+ 30. Ke2 Qg4+ 31. Kd3 d1=Q+ 32. Kxe4 Qg6+ 33. Ke5 Qe6# 0-1

[Event "FIDE World Bl Team Pool D"]
[Site "London ENG"]
[Date "2025.06.14"]
[Round "11.3"]
[White "Dasgupta, Avyukt"]
[Black "Shearsby, Jude"]
[Result "0-1"]
[BlackTitle "CM"]
[WhiteElo "2125"]
[BlackElo "2160"]
[WhiteTeam "The London Legends"]
[BlackTeam "English Knightmares"]
[WhiteFideId "480630"]
[BlackFideId "462527"]
[EventDate "2025.06.14"]
[EventType "team"]

1. d4 Nc6 2. d5 Ne5 3. Nc3 e6 4. e4 Nf6 5. Qd4 d6 6. Bg5 Ng6 7. Bb5+ Bd7 8.
Bxd7+ Qxd7 9. Bxf6 gxf6 10. dxe6 fxe6 11. Qxf6 Bg7 12. Qf3 O-O-O 13. Nge2 Rhf8
14. Qd3 Ne5 15. Qb5 Qxb5 16. Nxb5 a6 17. Nbd4 Rde8 18. f3 Nc4 19. O-O-O c5 20.
Nb3 Bxb2+ 21. Kb1 Bg7 22. c3 Kc7 23. Rhg1 b5 24. Nbc1 a5 25. Rd3 b4 26. Nb3 a4
27. Nd2 Na3+ 28. Kb2 Nb5 29. Nb1 Rb8 30. Kc2 bxc3 31. Nexc3 Nd4+ 32. Kc1 Rb4 33.
Rgd1 Rfb8 34. R1d2 Bh6 0-1

[Event "FIDE World Bl Team Pool D"]
[Site "London ENG"]
[Date "2025.06.14"]
[Round "11.4"]
[White "Badacsonyi, Frankie"]
[Black "Patel, Zain"]
[Result "1/2-1/2"]
[WhiteTitle "FM"]
[WhiteElo "2189"]
[BlackElo "2045"]
[WhiteTeam "English Knightmares"]
[BlackTeam "The London Legends"]
[WhiteFideId "460400"]
[BlackFideId "469246"]
[EventDate "2025.06.14"]
[EventType "team"]

1. Nf3 Nf6 2. c4 e6 3. Nc3 d5 4. e3 Be7 5. b3 O-O 6. Bb2 b6 7. cxd5 Nxd5 8. Be2
Bb7 9. O-O Nd7 10. Rc1 c5 11. d4 Rc8 12. Nxd5 Bxd5 13. dxc5 Nxc5 14. Nd4 Bf6 15.
Bf3 Qd7 16. Bxd5 Qxd5 17. Qe2 Rfd8 18. Rfd1 Qb7 19. Nb5 Bxb2 20. Qxb2 Qe7 21.
Qa3 a6 22. Nd4 Qf6 23. Qb2 Ne4 24. a3 1/2-1/2

[Event "FIDE World Bl Team Pool D"]
[Site "London ENG"]
[Date "2025.06.14"]
[Round "11.5"]
[White "Mokhber-Garcia, Sebastian"]
[Black "Hng, Mei-En Emmanuelle"]
[Result "1-0"]
[BlackTitle "WFM"]
[WhiteElo "1853"]
[BlackElo "2136"]
[WhiteTeam "The London Legends"]
[BlackTeam "English Knightmares"]
[WhiteFideId "499269"]
[BlackFideId "5804566"]
[EventDate "2025.06.14"]
[EventType "team"]

1. e4 d6 2. d4 Nf6 3. Nc3 g6 4. Nf3 Bg7 5. Bg5 h6 6. Bh4 c6 7. h3 b5 8. a3 O-O
9. Bd3 Qc7 10. O-O a6 11. Re1 Nh5 12. e5 Be6 13. exd6 Qxd6 14. Ne4 Qd8 15. Nc5
Nf4 16. Nxe6 Nxe6 17. Bxg6 Nd7 18. Bf5 Nf6 19. Rxe6 fxe6 20. Bxe6+ Kh8 21. Ne5
Nd5 22. Bxd5 Qxd5 23. Ng6+ Kh7 24. Qd3 Qf5 25. Nxf8+ 1-0

[Event "FIDE World Bl Team Pool D"]
[Site "London ENG"]
[Date "2025.06.14"]
[Round "11.6"]
[White "Jain, Gautam"]
[Black "Maton, Emily"]
[Result "1-0"]
[WhiteElo "1979"]
[BlackElo "1980"]
[WhiteTeam "English Knightmares"]
[BlackTeam "The London Legends"]
[WhiteFideId "425311"]
[BlackFideId "343120293"]
[EventDate "2025.06.14"]
[EventType "team"]

1. e4 c5 2. Nc3 e6 3. Bc4 Nc6 4. d3 Nf6 5. Bb3 d5 6. Bd2 Be7 7. f4 dxe4 8. dxe4
O-O 9. Nf3 Nd4 10. O-O a6 11. e5 Nd5 12. Nxd5 exd5 13. Nxd4 cxd4 14. Qf3 Bc5 15.
Kh1 Bf5 16. Bxd5 Bxc2 17. f5 Bxf5 18. Rac1 Bb6 19. Bb4 Be6 20. Bxe6 fxe6 21.
Bxf8 Qxf8 22. Qxb7 Qd8 23. Qf7+ Kh8 24. Qxe6 d3 25. Rcd1 d2 26. Qf5 Qc8 27.
Qxc8+ Rxc8 28. Rxd2 Re8 29. Re2 g6 30. g3 Kg7 31. Kg2 Bd4 32. e6 Bf6 33. b3 a5
34. Rd1 Rc8 35. e7 Re8 36. Rd7 Kf7 37. Ra7 Bc3 38. Rf2+ Kg7 39. Rf8 Rxf8 40.
exf8=Q+ 1-0

[Event "FIDE World Bl Team Pool D"]
[Site "London ENG"]
[Date "2025.06.14"]
[Round "12.1"]
[White "Grischuk, Alexander"]
[Black "Fernandez, Daniel Howard"]
[Result "1-0"]
[WhiteTitle "GM"]
[BlackTitle "GM"]
[WhiteElo "2667"]
[BlackElo "2484"]
[WhiteTeam "KazChess"]
[BlackTeam "English Knightmares"]
[WhiteFideId "4126025"]
[BlackFideId "5801605"]
[EventDate "2025.06.14"]
[EventType "team"]

1. e4 c6 2. d4 d5 3. e5 Bf5 4. h4 h5 5. Bd3 Bxd3 6. Qxd3 Qa5+ 7. b4 Qa6 8. Qb3
e6 9. a4 Ne7 10. Nd2 Nf5 11. Ndf3 Qb6 12. c3 c5 13. Ne2 cxb4 14. c4 dxc4 15.
Qxc4 Nd7 16. O-O Be7 17. Bg5 Qa6 18. Qc2 b3 19. Qb2 Rc8 20. Ng3 Nxg3 21. fxg3
Bb4 22. Qxb3 Qc4 23. Rac1 1-0

[Event "FIDE World Bl Team Pool D"]
[Site "London ENG"]
[Date "2025.06.14"]
[Round "12.2"]
[White "Badacsonyi, Stanley"]
[Black "Rapport, Richard"]
[Result "0-1"]
[WhiteTitle "FM"]
[BlackTitle "GM"]
[WhiteElo "2300"]
[BlackElo "2714"]
[WhiteTeam "English Knightmares"]
[BlackTeam "KazChess"]
[WhiteFideId "486973"]
[BlackFideId "738590"]
[EventDate "2025.06.14"]
[EventType "team"]

1. d4 Nf6 2. c4 g6 3. Nc3 Bg7 4. e4 d6 5. Be2 O-O 6. Be3 Na6 7. h4 h5 8. Nf3 c6
9. a3 Nc7 10. Qc2 Ng4 11. Bg5 Ne6 12. Qd2 Nxg5 13. hxg5 c5 14. Rd1 cxd4 15. Nxd4
Bd7 16. f3 Ne5 17. g4 hxg4 18. f4 Nc6 19. Nxc6 bxc6 20. Qe3 Qb6 21. c5 Qxb2 22.
e5 dxe5 23. fxe5 Be6 24. Rd2 Qa1+ 25. Rd1 Qa2 26. a4 Qa3 27. Kf1 Rfd8 28. Rb1
Rab8 29. Rc1 Rb2 30. Qg3 0-1

[Event "FIDE World Bl Team Pool D"]
[Site "London ENG"]
[Date "2025.06.14"]
[Round "12.3"]
[White "Esipenko, Andrey"]
[Black "Banerjee, Supratit"]
[Result "1-0"]
[WhiteTitle "GM"]
[BlackTitle "FM"]
[WhiteElo "2689"]
[BlackElo "2311"]
[WhiteTeam "KazChess"]
[BlackTeam "English Knightmares"]
[WhiteFideId "24175439"]
[BlackFideId "2410079"]
[EventDate "2025.06.14"]
[EventType "team"]

1. d4 Nf6 2. Nf3 g6 3. g3 Bg7 4. Bg2 O-O 5. O-O d6 6. Nc3 Nc6 7. Bf4 Re8 8. h3
a6 9. e4 Nd7 10. Qd2 Nxd4 11. Nxd4 e5 12. Bg5 f6 13. Be3 exd4 14. Bxd4 Ne5 15.
Qd1 Qe7 16. Nd5 Qf7 17. f4 Nc6 18. Bc3 f5 19. Bxg7 Qxg7 20. exf5 Bxf5 21. c3 Be4
22. Bxe4 Rxe4 23. Nxc7 Qxc7 24. Qd5+ Kg7 25. Qxe4 Rd8 26. Rad1 Rd7 27. Qd5 Qb6+
28. Rf2 Qe3 29. Kg2 Re7 30. Qxd6 Qe4+ 31. Kh2 Qe3 32. Qd2 Qe4 33. f5 gxf5 34.
Qg5+ Kh8 35. Rdd2 Rf7 36. Rde2 1-0

[Event "FIDE World Bl Team Pool D"]
[Site "London ENG"]
[Date "2025.06.14"]
[Round "12.5"]
[White "Kamalidenova, Meruert"]
[Black "Hng, Mei-En Emmanuelle"]
[Result "1-0"]
[WhiteTitle "IM"]
[BlackTitle "WFM"]
[WhiteElo "2330"]
[BlackElo "2136"]
[WhiteTeam "KazChess"]
[BlackTeam "English Knightmares"]
[WhiteFideId "13712802"]
[BlackFideId "5804566"]
[EventDate "2025.06.14"]
[EventType "team"]

1. e4 c5 2. Nf3 e6 3. c3 Nf6 4. e5 Nd5 5. d4 Nc6 6. Bd3 cxd4 7. cxd4 d6 8. O-O
dxe5 9. dxe5 Be7 10. Qe2 Ndb4 11. Be4 O-O 12. Rd1 Qc7 13. a3 Nd5 14. Bxd5 exd5
15. Nc3 Be6 16. Nxd5 Bxd5 17. Rxd5 Rfe8 18. Bf4 Rad8 19. Rad1 Rxd5 20. Rxd5 Qb6
21. h3 Qb3 22. Rd7 Nb8 23. Rd3 Qb5 24. Qd2 Nc6 25. Rd5 Qa4 26. Rd7 Qb5 27. Bg3
Bf8 28. Qd5 Qxd5 29. Rxd5 Rd8 30. Rxd8 Nxd8 31. Bf4 Ne6 32. Be3 b6 33. Kf1 Bc5
34. Ke2 Kf8 35. Bxc5+ Nxc5 36. Nd4 a6 37. Ke3 Ke7 38. b4 Na4 39. f4 g6 40. g4
Kd7 41. f5 Nc3 42. h4 h5 43. e6+ Ke7 44. exf7 Kxf7 45. gxh5 gxh5 46. Ne2 Nb1 47.
a4 Kf6 48. Ng3 Nc3 49. a5 Nd5+ 50. Ke4 Nxb4 51. axb6 Nc6 52. Nxh5+ Ke7 53. Kd5
Nb8 54. Nf4 Kf6 55. h5 Kxf5 56. h6 Kf6 57. Kd6 a5 58. Ne6 Kg6 59. Nc5 Kxh6 60.
Kc7 a4 61. Kxb8 1-0

[Event "FIDE World Bl Team Pool D"]
[Site "London ENG"]
[Date "2025.06.14"]
[Round "12.6"]
[White "Jain, Gautam"]
[Black "Aiten, Islam"]
[Result "0-1"]
[WhiteElo "1979"]
[BlackElo "1950"]
[WhiteTeam "English Knightmares"]
[BlackTeam "KazChess"]
[WhiteFideId "425311"]
[BlackFideId "13749420"]
[EventDate "2025.06.14"]
[EventType "team"]

1. e4 e5 2. Nf3 Nc6 3. Be2 Nf6 4. Nc3 d5 5. exd5 Nxd5 6. O-O Nxc3 7. bxc3 e4 8.
Ne1 Bd6 9. f3 Bf5 10. fxe4 Bxe4 11. Bf3 Bg6 12. Qe2+ Qe7 13. Qxe7+ Bxe7 14. d4
O-O 15. Nd3 Na5 16. Bf4 c6 17. Rfe1 Ba3 18. Re2 Bf5 19. Re5 Bxd3 20. cxd3 Bb2
21. Rb1 Bxc3 22. Be3 Rfe8 23. Rxe8+ Rxe8 24. Kf2 h6 25. d5 cxd5 26. Bxd5 b6 27.
Rc1 Be5 28. Rc2 Bxh2 29. Be4 Be5 30. Bf3 Rd8 31. Rd2 Bc3 32. Rd1 Bd4 33. Rc1
Bxe3+ 34. Kxe3 Re8+ 35. Kd4 Re7 36. Be4 g6 37. Rc8+ Kg7 38. Rb8 Rd7+ 39. Kc3
Rc7+ 40. Kd4 Nc6+ 41. Bxc6 Rxc6 42. Kd5 Rc3 43. d4 Ra3 44. Kc6 Rxa2 45. d5 Rc2+
46. Kb7 Rd2 47. Rd8 Kf6 48. d6 Ke6 49. Kc7 Rc2+ 50. Kb7 b5 51. Kxa7 0-1

[Event "FIDE World Bl Team Pool D"]
[Site "London ENG"]
[Date "2025.06.14"]
[Round "12.1"]
[White "Amartuvshin, Ganzorig"]
[Black "Cancedda-Dupuis, Livio"]
[Result "1-0"]
[WhiteTitle "IM"]
[WhiteElo "2430"]
[BlackElo "2053"]
[WhiteTeam "Mongolia-A"]
[BlackTeam "The London Legends"]
[WhiteFideId "4902548"]
[BlackFideId "499447"]
[EventDate "2025.06.14"]
[EventType "team"]

1. e4 c5 2. Nf3 Nc6 3. d4 cxd4 4. Nxd4 Nf6 5. Nc3 e5 6. Ndb5 d6 7. Bg5 a6 8. Na3
b5 9. Nd5 Be7 10. Bxf6 Bxf6 11. c3 O-O 12. Nc2 Rb8 13. Be2 Bg5 14. O-O f5 15.
exf5 Bxf5 16. a4 bxa4 17. Ncb4 Nxb4 18. Nxb4 Qb6 19. Rxa4 a5 20. Qd5+ Kh8 21.
Qxa5 Qb7 22. Qa6 Qd7 23. Rd1 Qf7 24. f3 Be3+ 25. Kh1 Bc5 26. Qc4 Be6 27. Qe4 Bb3
28. Raa1 Bxd1 29. Rxd1 Bxb4 30. cxb4 Qb3 31. b5 Rxb5 32. Rxd6 Qxb2 33. h3 Rb4
34. Qe3 Qa1+ 35. Kh2 Rb1 36. g3 Re1 37. Kg2 Qb2 38. Rd2 Qc1 39. Rd3 Qxe3 40.
Rxe3 Re8 41. Kf2 Rh1 42. Bf1 Rh2+ 43. Bg2 Rxg2+ 44. Kxg2 Kg8 45. f4 e4 46. g4
Kf7 47. Kf2 Kf6 48. Ra3 Rc8 49. Ke3 Rc4 50. Ra6+ Kf7 51. h4 h6 52. Rd6 Ke7 53.
Rd4 Rc3+ 54. Kxe4 Rg3 55. Kf5 h5 56. g5 Rg4 57. Kg6 Rxh4 58. Kxg7 Rg4 59. Re4+
Kd6 60. Kf6 h4 61. Kf5 Rg2 62. Re6+ Kd7 63. Rh6 Rh2 64. Kf6 Ke8 65. g6 Kd7 66.
g7 Rg2 67. Rxh4 1-0

[Event "FIDE World Bl Team Pool D"]
[Site "London ENG"]
[Date "2025.06.14"]
[Round "12.2"]
[White "Bryant, Harry"]
[Black "Munkhdalai, Amilal"]
[Result "0-1"]
[BlackTitle "IM"]
[WhiteElo "2062"]
[BlackElo "2385"]
[WhiteTeam "The London Legends"]
[BlackTeam "Mongolia-A"]
[WhiteFideId "489158"]
[BlackFideId "4903250"]
[EventDate "2025.06.14"]
[EventType "team"]

1. e4 c5 2. Nf3 d6 3. d4 cxd4 4. Nxd4 Nf6 5. Nc3 a6 6. f4 e6 7. Be2 Qc7 8. Be3
b5 9. a3 Bb7 10. Bf3 Nbd7 11. Qe2 Be7 12. g4 h6 13. h4 Nc5 14. Bf2 g6 15. O-O-O
e5 16. Ndxb5 axb5 17. Nxb5 Qc6 18. g5 Nfd7 19. f5 gxf5 20. g6 fxg6 21. Rhg1 Ba6
22. c4 Nxe4 23. Kb1 Kf7 24. Nc3 Nxc3+ 25. bxc3 e4 26. Bd4 Rhb8+ 27. Kc1 Qxc4 28.
Qd2 Qb3 29. Qc2 Qxc2+ 30. Kxc2 exf3 31. h5 g5 32. Rde1 Ne5 33. Bxe5 dxe5 34.
Rxe5 f4 35. Rge1 Bf6 36. Rd5 f2 37. Rd7+ Kg8 38. Re6 f1=Q 39. Rxf6 Qe2+ 40. Kc1
Qe1+ 41. Kc2 Qb1+ 42. Kd2 Rb2# 0-1

[Event "FIDE World Bl Team Pool D"]
[Site "London ENG"]
[Date "2025.06.14"]
[Round "12.3"]
[White "Munkhzul, Turmunkh"]
[Black "Dasgupta, Avyukt"]
[Result "1-0"]
[WhiteTitle "WGM"]
[WhiteElo "2236"]
[BlackElo "2125"]
[WhiteTeam "Mongolia-A"]
[BlackTeam "The London Legends"]
[WhiteFideId "4901878"]
[BlackFideId "480630"]
[EventDate "2025.06.14"]
[EventType "team"]

1. e4 c5 2. Nf3 e6 3. d4 cxd4 4. Nxd4 Nf6 5. Nc3 Nc6 6. Ndb5 Bb4 7. a3 Bxc3+ 8.
Nxc3 d5 9. exd5 exd5 10. Bd3 O-O 11. O-O d4 12. Ne2 Bg4 13. Bg5 h6 14. Bh4 Re8
15. f3 Be6 16. Qd2 Ne5 17. Rae1 Nc4 18. Qb4 Ne3 19. Rf2 g5 20. Bg3 Nf5 21. Be5
Nd5 22. Qd2 Qb6 23. Nxd4 Nxd4 24. Bxd4 Qc7 25. Be5 Qc5 26. c4 Ne7 27. b4 Qc8 28.
Bb2 Kf8 29. Qc3 Ng8 30. Qg7+ Ke7 31. Rfe2 Kd8 32. Bh7 Ne7 33. Rd2+ Bd7 34. Bf6
Qxc4 35. Bxe7+ Rxe7 36. Qf8+ Kc7 37. Qxe7 1-0

[Event "FIDE World Bl Team Pool D"]
[Site "London ENG"]
[Date "2025.06.14"]
[Round "12.4"]
[White "Vashisht-Pigem, Raman"]
[Black "Gan-Od, Sereenen"]
[Result "1/2-1/2"]
[BlackTitle "FM"]
[WhiteElo "1965"]
[BlackElo "2320"]
[WhiteTeam "The London Legends"]
[BlackTeam "Mongolia-A"]
[WhiteFideId "469734"]
[BlackFideId "4901304"]
[EventDate "2025.06.14"]
[EventType "team"]

1. e4 c6 2. Nf3 d5 3. exd5 cxd5 4. d4 Nc6 5. c4 Nf6 6. Nc3 e6 7. Bf4 Bb4 8. a3
Be7 9. Be2 O-O 10. O-O dxc4 11. Bxc4 a6 12. d5 exd5 13. Nxd5 Bg4 14. Nxe7+ Nxe7
15. Qxd8 Rfxd8 16. Ne5 Bh5 17. f3 Rac8 18. Rac1 Nc6 19. Rfd1 Nxe5 20. Bxe5 Bg6
21. Bb3 Rxd1+ 22. Rxd1 h5 23. Rd6 Bc2 24. Bxc2 Rxc2 25. Bxf6 gxf6 26. Rb6 Rc7
27. h4 Kg7 28. Kh2 Rd7 29. Kg3 Rc7 30. Kf4 Re7 31. Kg3 Rc7 32. Kf4 Kg6 33. b4
Rc4+ 34. Kg3 Rc3 35. Rxb7 Rxa3 36. Ra7 Ra4 37. Kh3 Kf5 38. g4+ hxg4+ 39. fxg4+
Kf4 40. Rxf7 Ra3+ 41. Kg2 Kxg4 42. Rxf6 Ra2+ 43. Kf1 Kxh4 44. Ke1 Kg5 45. Rc6
Kf4 46. Kd1 Ke4 47. Kc1 Kd5 48. Rc8 Ra4 49. Rb8 Kc4 50. Kb2 a5 51. bxa5 Rxa5 52.
Rc8+ Rc5 53. Rxc5+ Kxc5 1/2-1/2

[Event "FIDE World Bl Team Pool D"]
[Site "London ENG"]
[Date "2025.06.14"]
[Round "12.5"]
[White "Uuriintuya, Uurtsaikh"]
[Black "Mokhber-Garcia, Sebastian"]
[Result "0-1"]
[WhiteTitle "WGM"]
[WhiteElo "2141"]
[BlackElo "1853"]
[WhiteTeam "Mongolia-A"]
[BlackTeam "The London Legends"]
[WhiteFideId "4900227"]
[BlackFideId "499269"]
[EventDate "2025.06.14"]
[EventType "team"]

1. e4 e5 2. Nf3 Nf6 3. d4 exd4 4. e5 Ne4 5. Nxd4 d5 6. exd6 Bxd6 7. Be3 O-O 8.
Nd2 Nf6 9. Be2 Nd5 10. Ne4 Nxe3 11. fxe3 Qh4+ 12. Nf2 Re8 13. Qd3 Qg5 14. Nf3
Qxe3 15. Qxe3 Rxe3 16. Nd3 Nc6 17. Kf2 Re7 18. Rhe1 Bf5 19. Bf1 Rae8 20. Rxe7
Rxe7 21. h3 Nb4 22. c3 Nxd3+ 23. Bxd3 Bxd3 24. Rd1 Re2+ 25. Kg1 Be4 26. Kf1 Bxf3
27. gxf3 Rxb2 28. a4 Ra2 29. Rb1 b6 30. Re1 Kf8 31. Re4 Rh2 32. h4 f6 33. Kg1
Rc2 34. Rc4 Kf7 35. Kf1 Ke6 36. Ke1 Rh2 37. Re4+ Kf5 38. Rg4 Rxh4 39. Rxg7 Rxa4
40. Rxh7 Kg6 41. Rh8 a5 42. Kd2 Ra2+ 43. Kd3 a4 44. Rg8+ Kf7 45. Kc4 Rb2 46. Ra8
a3 47. f4 a2 48. f5 Rf2 49. Kb3 Kg7 50. Kc4 Kh6 51. Kb3 Kg5 52. Rg8+ Kxf5 53.
Rg1 Kf4 54. Re1 f5 55. Rd1 Kf3 56. Rd3+ Kg2 57. Rd1 f4 58. c4 Be5 0-1

[Event "FIDE World Bl Team Pool D"]
[Site "London ENG"]
[Date "2025.06.14"]
[Round "12.6"]
[White "Maton, Emily"]
[Black "Han, Qixuan"]
[Result "1-0"]
[WhiteElo "1980"]
[BlackElo "1896"]
[WhiteTeam "The London Legends"]
[BlackTeam "Mongolia-A"]
[WhiteFideId "343120293"]
[BlackFideId "496944"]
[EventDate "2025.06.14"]
[EventType "team"]

1. d4 d5 2. Nf3 Nf6 3. Bf4 e6 4. e3 Bd6 5. Ne5 O-O 6. Nd2 Nbd7 7. c3 Ne4 8. Bd3
Ndf6 9. f3 Nxd2 10. Qxd2 Nh5 11. Bg3 Nxg3 12. hxg3 h6 13. O-O-O Bxe5 14. dxe5
Qg5 15. f4 Qxg3 16. Rh3 Qg4 17. Qf2 f5 18. exf6 Rxf6 19. Rh4 Rg6 20. Rxg4 Rxg4
21. Qf3 Rh4 22. Qg3 Rh5 23. Bg6 Rf5 24. Bxf5 exf5 25. Qg6 c6 26. c4 Bd7 27. Qd6
Be8 28. cxd5 cxd5 29. Qxd5+ Bf7 30. Qxb7 Re8 31. Rd7 Rf8 32. Qxa7 g5 33. Qb6 Kg7
34. Qd4+ Kg6 35. Qd6+ Kg7 36. Rd8 Rxd8 37. Qxd8 Bxa2 38. fxg5 hxg5 39. Qxg5+ Kh8
40. Qd8+ Bg8 41. b4 Kg7 42. b5 Bf7 43. b6 Kg6 44. b7 1-0

[Event "FIDE World Bl Team Pool D"]
[Site "London ENG"]
[Date "2025.06.14"]
[Round "12.1"]
[White "Kantor, Gergely"]
[Black "Nogerbek, Kazybek"]
[Result "0-1"]
[WhiteTitle "GM"]
[BlackTitle "GM"]
[WhiteElo "2584"]
[BlackElo "2538"]
[WhiteTeam "Team Hungary"]
[BlackTeam "Barys.kz"]
[WhiteFideId "751499"]
[BlackFideId "13710427"]
[EventDate "2025.06.14"]
[EventType "team"]

1. e4 e5 2. Nf3 Nc6 3. Bc4 Nf6 4. d3 Bc5 5. c3 a5 6. O-O d6 7. Bg5 h6 8. Bh4 Ba7
9. Nbd2 g5 10. Bg3 O-O 11. a3 Nh7 12. Kh1 Qf6 13. b4 Qg7 14. Bb3 Kh8 15. b5 Ne7
16. d4 Ng6 17. Nc4 h5 18. h4 Bg4 19. Ne3 gxh4 20. Nxg4 hxg4 21. Nxh4 Nxh4 22.
Bxh4 exd4 23. g3 dxc3 24. Kg2 Bd4 25. Rh1 c2 26. Bxc2 Bxa1 27. Qxa1 Qxa1 28.
Rxa1 Kg7 29. Rc1 Nf6 30. Bd3 Rac8 31. Bg5 c6 32. b6 Nd7 33. Be2 Nf6 34. Bf4 Rcd8
35. Rd1 Rfe8 36. Rd4 Rxe4 37. Rd2 Rxf4 38. gxf4 Nd5 39. Kg3 f5 40. Bd3 Kf6 41.
Re2 Rh8 42. Re1 Rh3+ 43. Kg2 Nxf4+ 44. Kg1 Rxd3 0-1

[Event "FIDE World Bl Team Pool D"]
[Site "London ENG"]
[Date "2025.06.14"]
[Round "12.2"]
[White "Makhnev, Denis"]
[Black "Erdos, Viktor"]
[Result "1/2-1/2"]
[WhiteTitle "GM"]
[BlackTitle "GM"]
[WhiteElo "2531"]
[BlackElo "2545"]
[WhiteTeam "Barys.kz"]
[BlackTeam "Team Hungary"]
[WhiteFideId "13707647"]
[BlackFideId "719978"]
[EventDate "2025.06.14"]
[EventType "team"]

1. d4 d5 2. Nf3 Nf6 3. Bf4 c5 4. e3 Nc6 5. Nbd2 Nh5 6. dxc5 Nxf4 7. exf4 Qa5 8.
Bd3 Qxc5 9. O-O g6 10. c3 Bg7 11. Re1 O-O 12. g3 Qd6 13. Nb3 Bg4 14. Be2 Bxf3
15. Bxf3 Rad8 16. Qe2 e6 17. Kg2 Rfe8 18. Rad1 Qc7 19. h4 h5 20. f5 gxf5 21.
Bxh5 Ne5 22. Nd4 a6 23. Nf3 Nxf3 24. Qxf3 Rd6 25. Re2 Red8 26. Rd3 d4 27. cxd4
Rxd4 28. Rxd4 Rxd4 29. b3 Bf6 30. Re3 Kg7 31. Rd3 Rxd3 32. Qxd3 a5 33. Bf3 b6
34. Qe3 Qc5 35. Qe2 Bd4 36. Qd2 Bf6 37. h5 Qd4 38. Qc2 Qc5 39. Qe2 Bg5 40. Qd3
Bf6 41. a4 Qd4 42. Qe2 Qc5 43. Qd1 Bg5 44. Qe2 Bf6 45. Qd2 1/2-1/2